National Anthem of Prussia - Preußenlied - Statistics

General Stats
  • This quiz has been taken 12 times
  • The average score is 20 of 49
Answer Stats
Lyrics % Correct
Die
100%
die
100%
Ich
100%
ich
100%
ich
100%
Preuße,
100%
Preuße,
100%
Preuße
100%
das
83%
bin
67%
bin
67%
es,
67%
ein
50%
ein
50%
ein
50%
Tag,
50%
will
50%
Farben?
33%
Farben
33%
ihr
33%
kennt
33%
meine
33%
meine
33%
mir
33%
sein.
33%
starben,
33%
un
33%
Väter
33%
an.
17%
bang
17%
daß
17%
deuten,
17%
Fahne
17%
Freiheit
17%
für
17%
heitrer
17%
merkt
17%
Nie
17%
schwarz
17%
schwebt
17%
sei's
17%
sei's
17%
Sonnenschein,
17%
trüber
17%
verzagen,
17%
voran;
17%
weiß
17%
werd
17%
unser
0%
No matching quizzes found
Score Distribution
Percent of People with Each Score
Percentile by Number Answered
Your Score History
You have not taken this quiz